| 000 | 00391cam a22001337a 4500 | ||
|---|---|---|---|
| 008 | 180718b1972 xxu||||| |||| 00| 0 eng d | ||
| 082 | _aI241x54 G154 | ||
| 100 | _aGangal, S.C. | ||
| 245 |
_aPrime Minister and the cabinet in India: a political study _cby S.C. Gangal |
||
| 260 |
_aDelhi _bNavachetan Prak. _c1972 |
||
| 300 | _a102p. | ||
| 500 | _aRs.12.00 | ||
| 650 | _aPrime Ministres - India | ||
| 999 |
_c344841 _d344841 |
||